[Event "FICGS rapid B 000390 email"]
[Site "FICGS email"]
[Date "2023.06.04"]
[Round "1"]
[White "Cesbron, Guy"]
[Black "Pintor, Manuel"]
[Result "1-0"]
[WhiteElo "2044"]
[BlackElo "1786"]
[PlyCount "51"]
[EventDate "2023.??.??"]
[EventType "tourn (rapid)"]
[EventRounds "6"]
[SourceTitle "Corr 2024"]
[Source "ChessBase"]
[SourceDate "2023.10.19"]
[SourceVersion "1"]
[SourceVersionDate "2023.10.19"]
[SourceQuality "1"]

1. d4 d5 2. c4 c6 3. Nf3 Bf5 4. Nc3 e6 5. e3 Bb4 6. Qb3 Qb6 7. c5 Qa5 8. Be2 Nf6 9. 0-0 b5 10. a4 Bxc3 11. bxc3 0-0 12. Bd2 bxa4 13. Qb7 Nbd7 14. Qxc6 Qd8 15. Qxa4 Ne4 16. c4 Bg4 17. Ba5 Qe7 18. cxd5 exd5 19. c6 Ndf6 20. Bb4 Nd6 21. Qa5 Bxf3 22. Bxf3 Rfc8 23. Bxd5 Rab8 24. Bf3 Qd8 25. Qxd8+ Rxd8 26. c7 1-0

[Event "FICGS rapid A 000285 email"]
[Site "FICGS email"]
[Date "2022.07.25"]
[Round "1"]
[White "Cesbron, Guy"]
[Black "Javier, Christian"]
[Result "1/2-1/2"]
[WhiteElo "2010"]
[BlackElo "2154"]
[PlyCount "97"]
[EventDate "2022.??.??"]
[EventType "tourn (rapid)"]
[EventRounds "6"]
[SourceTitle "Corr 2024"]
[Source "ChessBase"]
[SourceDate "2023.10.19"]
[SourceVersion "1"]
[SourceVersionDate "2023.10.19"]
[SourceQuality "1"]

1. d4 d5 2. c4 c6 3. Nf3 Nf6 4. Nc3 e6 5. Bg5 h6 6. Bxf6 Qxf6 7. e3 Nd7 8. Bd3 dxc4 9. Bxc4 g6 10. 0-0 Bg7 11. e4 e5 12. d5 Nb6 13. Qb3 Bg4 14. Be2 0-0 15. Rfe1 Rfd8 16. Rad1 Bxf3 17. Bxf3 Bf8 18. a4 Rab8 19. Rd2 h5 20. Red1 Nd7 21. a5 Nc5 22. Qc4 Rbc8 23. Be2 Qg5 24. Bf1 h4 25. Rc2 Kg7 26. h3 Qf4 27. Re2 cxd5 28. Nxd5 Qg5 29. Qb5 a6 30. Qb4 Rc6 31. Re3 Rd7 32. Qd2 Rcd6 33. Bc4 Ne6 34. Rd3 Qxd2 35. R3xd2 f5 36. f3 Kh6 37. Rd3 fxe4 38. fxe4 Rc6 39. b3 Bc5+ 40. Kh1 Ng5 41. Re1 Rc8 42. Rdd1 Rd6 43. Re2 Rf8 44. Rde1 Kg7 45. Rc1 Ba3 46. Ra1 Bc5 47. Rc1 Rc6 48. Rd1 Rd6 49. Rc1 1/2-1/2

[Event "FICGS rapid A 000285 email"]
[Site "FICGS email"]
[Date "2022.07.25"]
[Round "1"]
[White "Swiatek, Janusz"]
[Black "Cesbron, Guy"]
[Result "1-0"]
[WhiteElo "2224"]
[BlackElo "2010"]
[PlyCount "55"]
[EventDate "2022.??.??"]
[EventType "tourn (rapid)"]
[EventRounds "6"]
[SourceTitle "Corr 2024"]
[Source "ChessBase"]
[SourceDate "2023.10.19"]
[SourceVersion "1"]
[SourceVersionDate "2023.10.19"]
[SourceQuality "1"]

1. d4 e6 2. e4 d5 3. Nc3 Nf6 4. e5 Nfd7 5. f4 c5 6. Nf3 Nc6 7. Be3 cxd4 8. Nxd4 Bc5 9. Qd2 0-0 10. 0-0-0 a6 11. Nb3 Bb4 12. Bd3 b5 13. g4 Bb7 14. Rhg1 Na5 15. Bd4 Nc6 16. Rg3 a5 17. Rh3 h6 18. Bf2 a4 19. Nd4 a3 20. b3 Rc8 21. g5 Bxc3 22. Qxc3 Ncxe5 23. Qd2 Nxd3+ 24. Qxd3 Nc5 25. Qe2 Kh7 26. Nf3 Ne4 27. Bd4 Qe7 28. Rg1 1-0

[Event "FICGS rapid B 000379 email"]
[Site "FICGS email"]
[Date "2022.05.08"]
[Round "1"]
[White "Cesbron, Guy"]
[Black "Swiatek, Janusz"]
[Result "1/2-1/2"]
[WhiteElo "2036"]
[BlackElo "2101"]
[PlyCount "62"]
[EventDate "2022.??.??"]
[EventType "tourn (rapid)"]
[EventRounds "6"]
[SourceTitle "Corr 2024"]
[Source "ChessBase"]
[SourceDate "2023.10.19"]
[SourceVersion "1"]
[SourceVersionDate "2023.10.19"]
[SourceQuality "1"]

1. d4 Nf6 2. c4 c6 3. Nf3 d5 4. Nc3 e6 5. Bg5 h6 6. Bh4 Be7 7. e3 0-0 8. Qc2 Nbd7 9. Rd1 b6 10. cxd5 cxd5 11. Bd3 Bb7 12. 0-0 Rc8 13. Qb1 a6 14. Rc1 Bd6 15. Ne2 Rxc1 16. Rxc1 Qa8 17. Bg3 Bxg3 18. Nxg3 a5 19. Rc2 Rc8 20. Qc1 Rxc2 21. Qxc2 Ba6 22. Bxa6 Qxa6 23. a4 Qb7 24. Ne2 Ne4 25. b3 b5 26. axb5 Qxb5 27. Ne1 Nb8 28. Nd3 Nc6 29. f3 Nd6 30. Kf2 Nf5 31. g4 Nfe7 1/2-1/2

[Event "FICGS W-ch st1 g04 email"]
[Site "FICGS email"]
[Date "2022.03.14"]
[Round "1"]
[White "Cesbron, Guy"]
[Black "Kachibacha, Jobadi"]
[Result "1/2-1/2"]
[WhiteElo "1993"]
[BlackElo "1799"]
[PlyCount "67"]
[EventDate "2022.??.??"]
[EventType "tourn (corr)"]
[EventRounds "6"]
[SourceTitle "Corr 2024"]
[Source "ChessBase"]
[SourceDate "2023.10.19"]
[SourceVersion "1"]
[SourceVersionDate "2023.10.19"]
[SourceQuality "1"]

1. d4 Nf6 2. c4 e6 3. Nf3 d5 4. Nc3 c6 5. Bg5 h6 6. Bh4 Be7 7. e3 Nbd7 8. Bd3 dxc4 9. Bxc4 b5 10. Bd3 a6 11. 0-0 Bb7 12. Qe2 c5 13. Bxf6 Bxf6 14. Ne4 0-0 15. dxc5 Bxe4 16. Bxe4 Rc8 17. Rad1 Rxc5 18. Bb7 a5 19. Be4 Qc7 20. g3 Ne5 21. Nd4 Nc4 22. Bg2 Rc8 23. Rc1 Qb6 24. Rfd1 b4 25. b3 Nd6 26. Rxc5 Rxc5 27. Qd2 Nc8 28. Ne2 Qc7 29. Qd3 g6 30. Be4 Kg7 31. Kg2 h5 32. h4 Be5 33. Qd7 Qxd7 34. Rxd7 1/2-1/2

[Event "FICGS rapid B 000374 email"]
[Site "FICGS email"]
[Date "2022.02.07"]
[Round "1"]
[White "Cesbron, Guy"]
[Black "Trigance, Emile"]
[Result "1-0"]
[WhiteElo "2008"]
[BlackElo "1816"]
[PlyCount "49"]
[EventDate "2022.??.??"]
[EventType "tourn (rapid)"]
[EventRounds "6"]
[SourceTitle "Corr 2024"]
[Source "ChessBase"]
[SourceDate "2023.10.19"]
[SourceVersion "1"]
[SourceVersionDate "2023.10.19"]
[SourceQuality "1"]

1. d4 Nf6 2. c4 c5 3. d5 e6 4. Nc3 exd5 5. cxd5 d6 6. Nf3 g6 7. e4 Bg7 8. h3 0-0 9. Bd3 a6 10. a4 Re8 11. 0-0 Nfd7 12. Bf4 Qe7 13. Kh1 Ne5 14. Nxe5 Bxe5 15. Bxe5 Qxe5 16. f4 Qd4 17. Qf3 Nd7 18. Rae1 Nb6 19. e5 Qb4 20. f5 Bd7 21. fxg6 fxg6 22. Qf7+ Kh8 23. Qf6+ Kg8 24. Bxg6 Rf8 25. Bf7+ 1-0

[Event "FICGS rapid B 000373 email"]
[Site "FICGS email"]
[Date "2022.01.25"]
[Round "1"]
[White "Trigance, Emile"]
[Black "Cesbron, Guy"]
[Result "0-1"]
[WhiteElo "1816"]
[BlackElo "2008"]
[PlyCount "60"]
[EventDate "2022.??.??"]
[EventType "tourn (rapid)"]
[EventRounds "6"]
[SourceTitle "Corr 2024"]
[Source "ChessBase"]
[SourceDate "2023.10.19"]
[SourceVersion "1"]
[SourceVersionDate "2023.10.19"]
[SourceQuality "1"]

1. Nf3 d5 2. g3 Nf6 3. Bg2 c6 4. 0-0 Bf5 5. b3 e6 6. Bb2 Be7 7. d3 h6 8. Nbd2 0-0 9. e3 a5 10. a3 Nbd7 11. Rc1 Bh7 12. Qe2 Bd6 13. h3 e5 14. c4 Nc5 15. Ne1 d4 16. e4 Qc7 17. Bf3 Qe7 18. Kh1 g5 19. Bg2 Bg6 20. f3 Nh5 21. Kh2 f5 22. exf5 Nxg3 23. Kxg3 e4+ 24. Kf2 e3+ 25. Kg1 exd2 26. Qxd2 Nxb3 27. Qc2 Nxc1 28. Bxc1 Rxf5 29. Qf2 Re8 30. Bb2 Re5 0-1

[Event "FICGS rapid B 000371 email"]
[Site "FICGS email"]
[Date "2021.12.04"]
[Round "1"]
[White "Cruz Ramirez, Eliecer"]
[Black "Cesbron, Guy"]
[Result "1/2-1/2"]
[WhiteElo "1929"]
[BlackElo "2027"]
[PlyCount "49"]
[EventDate "2021.??.??"]
[EventType "tourn (rapid)"]
[EventRounds "6"]
[SourceTitle "Corr 2024"]
[Source "ChessBase"]
[SourceDate "2023.10.19"]
[SourceVersion "1"]
[SourceVersionDate "2023.10.19"]
[SourceQuality "1"]

1. e4 c5 2. c3 d5 3. exd5 Qxd5 4. d4 Nf6 5. Nf3 Nc6 6. Be2 Bf5 7. 0-0 e6 8. Be3 cxd4 9. Nxd4 Be7 10. Nd2 Nxd4 11. Bxd4 0-0 12. Re1 Rfd8 13. Bf3 Qa5 14. Qe2 Qc7 15. Rad1 Rac8 16. Nb3 h6 17. Be5 Qb6 18. g3 a6 19. Bd4 Qc7 20. Be5 Qb6 21. Bd4 Qc7 22. Qe5 Bg4 23. Qxc7 Rxc7 24. Bxg4 Nxg4 25. Bb6 1/2-1/2

[Event "FICGS rapid A 000273 email"]
[Site "FICGS email"]
[Date "2021.09.03"]
[Round "1"]
[White "Cesbron, Guy"]
[Black "Laduke, Matt"]
[Result "1/2-1/2"]
[WhiteElo "2094"]
[BlackElo "1941"]
[PlyCount "82"]
[EventDate "2021.??.??"]
[EventType "tourn (rapid)"]
[EventRounds "6"]
[SourceTitle "Corr 2024"]
[Source "ChessBase"]
[SourceDate "2023.10.19"]
[SourceVersion "1"]
[SourceVersionDate "2023.10.19"]
[SourceQuality "1"]

1. d4 Nf6 2. c4 g6 3. Nc3 d5 4. cxd5 Nxd5 5. Bd2 Bg7 6. e4 Nxc3 7. Bxc3 0-0 8. Qd2 c5 9. d5 e6 10. Bc4 Bxc3 11. bxc3 b5 12. Bxb5 exd5 13. exd5 Nd7 14. c4 Ne5 15. f4 Qe7 16. Ne2 Qh4+ 17. g3 Nf3+ 18. Kf2 Nxd2 19. gxh4 a6 20. Bc6 Rb8 21. Rhc1 Rb2 22. Ke3 Bg4 23. Ng3 Rfb8 24. Rc3 f5 25. d6 Kf8 26. Rac1 Rxa2 27. R1c2 Rxc2 28. Rxc2 Nb3 29. Rb2 Rb4 30. h5 gxh5 31. h3 Na5 32. Rxb4 cxb4 33. hxg4 Nxc6 34. gxh5 a5 35. Nxf5 a4 36. d7 a3 37. Nd4 Nd8 38. Nb3 Ke7 39. Kd4 Ne6+ 40. Ke5 Kxd7 41. f5 Nd8 1/2-1/2

[Event "FICGS rapid A 000273 email"]
[Site "FICGS email"]
[Date "2021.09.03"]
[Round "1"]
[White "Cesbron, Guy"]
[Black "Pech, Stepan"]
[Result "1/2-1/2"]
[WhiteElo "2094"]
[BlackElo "1907"]
[PlyCount "111"]
[EventDate "2021.??.??"]
[EventType "tourn (rapid)"]
[EventRounds "6"]
[SourceTitle "Corr 2024"]
[Source "ChessBase"]
[SourceDate "2023.10.19"]
[SourceVersion "1"]
[SourceVersionDate "2023.10.19"]
[SourceQuality "1"]

1. d4 d5 2. c4 c6 3. Nf3 Nf6 4. Nc3 e6 5. Bg5 Nbd7 6. cxd5 exd5 7. e3 Be7 8. Bd3 0-0 9. Qc2 Re8 10. 0-0 Nf8 11. h3 Ne4 12. Bf4 f5 13. Ne5 Ng6 14. Nxg6 hxg6 15. f3 Nd6 16. Rfe1 Bg5 17. Re2 Bxf4 18. exf4 Qh4 19. Rxe8+ Nxe8 20. Ne2 Nc7 21. Qc5 Qf6 22. Rc1 Ne6 23. Qc3 Bd7 24. g3 b6 25. h4 a5 26. Kf2 Nc7 27. Qd2 Qd6 28. Qc3 Re8 29. Kg2 Ne6 30. Rd1 a4 31. Qd2 c5 32. dxc5 bxc5 33. Bc4 Nc7 34. Nc3 Bc6 35. Nxd5 Nxd5 36. Bxd5+ Qxd5 37. Qxd5+ Bxd5 38. Rxd5 Re2+ 39. Kh3 Rxb2 40. Rxc5 Rxa2 41. Ra5 a3 42. Ra7 Ra1 43. Kg2 a2 44. Ra5 Kf7 45. Ra6 Ke7 46. Ra7+ Kd6 47. Ra6+ Kd5 48. Ra7 Kd4 49. Ra6 Ke3 50. Ra7 Ke2 51. Ra6 Kd2 52. Ra7 Kc2 53. Rc7+ Kb2 54. Rb7+ Kc1 55. Rc7+ Kd1 56. Rd7+ 1/2-1/2

[Event "FICGS W-ch st1 g03 email"]
[Site "FICGS email"]
[Date "2021.07.11"]
[Round "1"]
[White "Vollmer, Steve"]
[Black "Cesbron, Guy"]
[Result "0-1"]
[WhiteElo "1746"]
[BlackElo "2094"]
[PlyCount "38"]
[EventDate "2021.??.??"]
[EventType "tourn (corr)"]
[EventRounds "8"]
[SourceTitle "Corr 2022"]
[Source "ChessBase"]
[SourceDate "2021.10.24"]
[SourceVersion "1"]
[SourceVersionDate "2021.10.24"]
[SourceQuality "1"]

1. c4 Nf6 2. Nf3 e6 3. g3 d5 4. cxd5 exd5 5. d4 Bd6 6. Bg2 0-0 7. 0-0 h6 8. Nc3 c6 9. Qc2 Re8 10. b3 Bg4 11. Bb2 Na6 12. Rac1 Qd7 13. Rfe1 Bf5 14. Qd1 Bh3 15. Qc2 Rad8 16. a3 Nc7 17. b4 Bxg2 18. Kxg2 Ne6 19. Qf5 Nf4+ 0-1

[Event "FICGS rapid M 000123 email"]
[Site "FICGS email"]
[Date "2021.03.29"]
[Round "1"]
[White "Cesbron, Guy"]
[Black "Rodriguez Perez, Rene"]
[Result "0-1"]
[WhiteElo "2141"]
[BlackElo "2140"]
[PlyCount "88"]
[EventDate "2021.??.??"]
[EventType "tourn (rapid)"]
[EventRounds "6"]
[SourceTitle "Corr 2022"]
[Source "ChessBase"]
[SourceDate "2021.10.24"]
[SourceVersion "1"]
[SourceVersionDate "2021.10.24"]
[SourceQuality "1"]

1. e4 e6 2. d4 d5 3. Nc3 Nf6 4. Bg5 Bb4 5. e5 h6 6. Be3 Ne4 7. Qg4 Kf8 8. a3 Bxc3+ 9. bxc3 Nxc3 10. Bd3 Nc6 11. Nf3 Na4 12. Rb1 Ne7 13. 0-0 b6 14. Rfc1 c5 15. dxc5 Nxc5 16. Qb4 Nxd3 17. cxd3 Kg8 18. Nd4 Kh7 19. Rc3 Nf5 20. Nxf5 exf5 21. Rbc1 Be6 22. h3 d4 23. Qxd4 Qxd4 24. Bxd4 f4 25. f3 Rhd8 26. Bf2 Rab8 27. Kh2 a5 28. Rb1 b5 29. Bc5 Rdc8 30. Rbc1 g5 31. g3 Rb7 32. g4 Kg6 33. Kg2 Rcb8 34. Bd6 b4 35. axb4 axb4 36. Bxb8 bxc3 37. Bd6 Rb3 38. Bc5 Bd5 39. Ba7 Rb2+ 40. Bf2 c2 41. Be1 Rb1 42. Bd2 Rb3 43. Rxc2 Rxd3 44. Be1 Rxf3 0-1

[Event "FICGS rapid M 000123 email"]
[Site "FICGS email"]
[Date "2021.03.29"]
[Round "1"]
[White "Cirulis, Ilmars"]
[Black "Cesbron, Guy"]
[Result "1-0"]
[WhiteElo "2184"]
[BlackElo "2141"]
[PlyCount "69"]
[EventDate "2021.??.??"]
[EventType "tourn (rapid)"]
[EventRounds "6"]
[SourceTitle "Corr 2022"]
[Source "ChessBase"]
[SourceDate "2021.10.24"]
[SourceVersion "1"]
[SourceVersionDate "2021.10.24"]
[SourceQuality "1"]

1. c4 Nf6 2. Nc3 e5 3. e4 Bc5 4. Be2 d6 5. d3 Nc6 6. Nf3 h6 7. a3 a5 8. 0-0 0-0 9. h3 Bd7 10. Be3 Nd4 11. Bxd4 Bxd4 12. Nxd4 exd4 13. Nb5 Bxb5 14. cxb5 c5 15. a4 Re8 16. f4 c4 17. Bf3 Rc8 18. Rc1 c3 19. Qc2 Qb6 20. Qf2 cxb2 21. Qxb2 Rc3 22. Rxc3 dxc3+ 23. Qf2 Qc7 24. Rc1 Rc8 25. Qe3 c2 26. e5 dxe5 27. fxe5 Nd7 28. d4 Nb6 29. Be4 Qd8 30. Rxc2 Nxa4 31. Rd2 Nb6 32. Rf2 Rc7 33. Bb1 Nd5 34. Qe4 Kf8 35. b6 1-0

[Event "FICGS rapid A 000260 email"]
[Site "FICGS email"]
[Date "2020.09.03"]
[Round "1"]
[White "Cesbron, Guy"]
[Black "Suades, Sergi"]
[Result "1-0"]
[WhiteElo "2153"]
[BlackElo "2000"]
[PlyCount "23"]
[EventDate "2020.??.??"]
[EventType "tourn (rapid)"]
[EventRounds "6"]
[SourceTitle "Corr 2022"]
[Source "ChessBase"]
[SourceDate "2021.10.24"]
[SourceVersion "1"]
[SourceVersionDate "2021.10.24"]
[SourceQuality "1"]

1. d4 e6 2. c4 Nf6 3. Nf3 b6 4. a3 Bb7 5. Nc3 d5 6. cxd5 Nxd5 7. Qc2 Nxc3 8. bxc3 Be7 9. e4 0-0 10. Bd3 c5 11. 0-0 Qc7 12. Qe2 1-0

[Event "FICGS rapid M 000114 email"]
[Site "FICGS email"]
[Date "2020.05.03"]
[Round "1"]
[White "Cesbron, Guy"]
[Black "Yarkov, Evgeny"]
[Result "0-1"]
[WhiteElo "2172"]
[BlackElo "2137"]
[PlyCount "70"]
[EventDate "2020.??.??"]
[EventType "tourn (rapid)"]
[EventRounds "6"]
[SourceTitle "Corr 2022"]
[Source "ChessBase"]
[SourceDate "2021.10.24"]
[SourceVersion "1"]
[SourceVersionDate "2021.10.24"]
[SourceQuality "1"]

1. e4 c5 2. Nf3 d6 3. d4 cxd4 4. Nxd4 Nf6 5. Nc3 a6 6. Be3 e5 7. Nb3 Be6 8. f3 h5 9. Qd2 Nbd7 10. 0-0-0 Be7 11. Kb1 b5 12. Nd5 Bxd5 13. exd5 Nb6 14. Bxb6 Qxb6 15. Na5 Rc8 16. Bd3 b4 17. Nc4 Qc5 18. Ne3 a5 19. Qe2 Kf8 20. Bb5 h4 21. Bc6 g6 22. Rde1 Kg7 23. Qc4 Qb6 24. f4 a4 25. fxe5 dxe5 26. Qe2 Qa7 27. Nc4 e4 28. Nd2 Rhd8 29. Nxe4 Nxd5 30. Bxd5 Rxd5 31. Rhf1 a3 32. Qf2 Qxf2 33. Nxf2 Bd6 34. Nd3 b3 35. axb3 a2+ 0-1